Traduction fr-en: moments & seasons / moments & saisons - Statistiques

Statistiques générales
  • Ce quiz a été pris 22 fois
  • Le résultat moyen est 8 sur 10
Statistiques - réponses
Mots en fr/ Words in fr Mots en en/ Words in en % Correct
Une saison A season
100%
La nuit The night
100%
Minuit Midnight
95%
L’après-midi The afternoon
89%
Le printemps The spring
89%
L’été The summer
84%
Le soir The evening
79%
L’hiver The winter
79%
Midi Noon | Midday
74%
L’automne The autumn (GB) | The fall (US)
5%
Aucun quiz correspondant
Distribution des résultats
% des personnes avec chaque résultat
Percentile par nombre de réponses
Votre historique - résultats
Vous n’avez pas pris ce quiz